LEADER 00964nam0-22002891i-450- 001 990000089320403321 035 $a000008932 035 $aFED01000008932 035 $a(Aleph)000008932FED01 035 $a000008932 100 $a20011111d--------km-y0itay50------ba 101 0 $aita 105 $ay-------001yy 200 1 $aDescrizione delle macchine pe' trafori modenesi o artesiani e dei pozzi forati in Toscana dal 1829 al 1833$fAlessandroManetti. 210 $aFirenze$cTipografia all'insegna di Dante$d1833 215 $a42 p., 3 tav.$cill.$d26 cm 610 0 $aPozzi artesiani 676 $a628.114 700 1$aManetti,$bAlessandro$05996 801 0$aIT$bUNINA$gRICA$2UNIMARC 901 $aBK 912 $a990000089320403321 952 $a13 AR 13 D 36$b4960$fFINBC 959 $aFINBC 996 $aDescrizione delle macchine pe' trafori modenesi o artesiani e dei pozzi forati in Toscana dal 1829 al 1833$9109542 997 $aUNINA DB $aING01 LEADER 01972nam 2200481 450 001 9910706591003321 005 20171114104712.0 035 $a(CKB)5470000002456533 035 $a(OCoLC)1011355970 035 $a(EXLCZ)995470000002456533 100 $a20171113j200104 ua 0 101 0 $aeng 135 $aurbn||||||||| 181 $ctxt$2rdacontent 182 $cc$2rdamedia 183 $acr$2rdacarrier 200 10$aFixed-frequency and frequency-agile (Au, HTS) microstrip bandstop filters for L-band applications /$fEileen M. Saenz [and four others] 210 1$aCleveland, Ohio :$cNational Aeronautics and Space Administration, Glenn Research Center,$dApril 2001. 215 $a1 online resource (4 pages) $cillustrations 225 1 $aNASA/TM ;$v2001-210512 300 $a"April 2001." 300 $a"Prepared for the Applied Superconductivity Conference sponsored by the Institute of Electrical and Electronics Engineers, Virginia Beach, Virginia, September 17-22, 2000." 300 $a"Performing organization: National Aeronautics and Space Administration, John H. Glenn Research Center at Lewis Field"--Report documentation page. 320 $aIncludes bibliographical references (page 4). 517 $aFixed-frequency and frequency-agile 606 $aMicrostrip transmission lines$2nasat 606 $aBandwidth$2nasat 606 $aBandstop filters$2nasat 606 $aDesign analysis$2nasat 606 $aUltrahigh frequencies$2nasat 615 7$aMicrostrip transmission lines. 615 7$aBandwidth. 615 7$aBandstop filters. 615 7$aDesign analysis. 615 7$aUltrahigh frequencies. 700 $aSaenz$b Eileen M.$01386796 712 02$aNASA Glenn Research Center, 801 0$bGPO 801 1$bGPO 906 $aBOOK 912 $a9910706591003321 996 $aFixed-frequency and frequency-agile (Au, HTS) microstrip bandstop filters for L-band applications$93436024 997 $aUNINA